[Event "34. Copenhagen Open (Politiken Cup)"]
[Site "Elsinore"]
[Date "2012.07.31"]
[Round "5"]
[White "Wuertz, Jacob"]
[Black "Gebhardt, Ulrich"]
[Result "1-0"]
[WhiteElo "1999"]
[BlackElo "2222"]
[PlyCount "99"]
[EventDate "2012.07.28"]
[EventType "swiss"]
[EventRounds "10"]
[EventCountry "DEN"]
[Source "ChessBase"]
[SourceDate "2012.08.24"]

1. d4 Nf6 2. g3 d5 3. Bg2 c6 4. Nf3 Bf5 5. O-O e6 6. c4 Nbd7 7. b3 h6 8. Bb2
Bd6 9. Nc3 O-O 10. Nd2 Re8 11. e4 dxe4 12. Ndxe4 Bc7 13. Qd2 e5 14. d5 cxd5 15.
Nxf6+ Nxf6 16. Nxd5 Nxd5 17. Qxd5 Qxd5 18. Bxd5 Rab8 19. Rfe1 b6 20. Re3 e4 21.
Rae1 Rbd8 22. Bc3 Bd6 23. Bxe4 Bxe4 24. Rxe4 Rxe4 25. Rxe4 Bc5 26. b4 Rd1+ 27.
Re1 Rd3 28. bxc5 Rxc3 29. cxb6 axb6 30. Rb1 Rxc4 31. Rxb6 Ra4 32. Rb2 g5 33.
Kf1 Kg7 34. Ke2 Kg6 35. Kd3 Kf5 36. h3 h5 37. Kc3 Ra8 38. Rb5+ Ke4 39. Kb3 f6
40. a4 Kf3 41. Rf5+ Kg2 42. h4 Rb8+ 43. Kc4 Rc8+ 44. Kb5 Rb8+ 45. Kc6 gxh4 46.
gxh4 Rb4 47. a5 Rxh4 48. a6 Rh1 49. a7 Ra1 50. Kb6 1-0

[Event "34. Copenhagen Open (Politiken Cup)"]
[Site "Elsinore"]
[Date "2012.08.01"]
[Round "6"]
[White "Aagaard, Jacob"]
[Black "Salgado Lopez, Ivan"]
[Result "1/2-1/2"]
[WhiteElo "2506"]
[BlackElo "2635"]
[PlyCount "28"]
[EventDate "2012.07.28"]
[EventType "swiss"]
[EventRounds "10"]
[EventCountry "DEN"]
[Source "ChessBase"]
[SourceDate "2012.08.24"]

1. e4 e5 2. Nf3 Nc6 3. d4 exd4 4. Nxd4 Bc5 5. Nxc6 Qf6 6. Qf3 bxc6 7. Nd2 d6 8.
Nb3 Bb6 9. a4 a5 10. Bd2 Qxf3 11. gxf3 Ne7 12. Rg1 O-O 13. Be3 f5 14. Bxb6 cxb6
1/2-1/2

[Event "34. Copenhagen Open (Politiken Cup)"]
[Site "Elsinore"]
[Date "2012.08.01"]
[Round "6"]
[White "Aartun, Magnus"]
[Black "Madsen, Svend Aage"]
[Result "1-0"]
[WhiteElo "1800"]
[BlackElo "2074"]
[PlyCount "83"]
[EventDate "2012.07.28"]
[EventType "swiss"]
[EventRounds "10"]
[EventCountry "DEN"]
[Source "ChessBase"]
[SourceDate "2012.08.24"]

1. d4 Nf6 2. c4 g6 3. Nc3 Bg7 4. e4 d6 5. Nf3 O-O 6. Be2 Nbd7 7. O-O e5 8. d5
Ne8 9. Ne1 f5 10. f3 fxe4 11. fxe4 Rxf1+ 12. Bxf1 Nef6 13. Bg5 h6 14. Bh4 g5
15. Bf2 Nf8 16. b4 Ng6 17. c5 Nf4 18. cxd6 cxd6 19. Rc1 Bg4 20. Nf3 a6 21. h3
Bd7 22. g4 Rc8 23. a4 b5 24. axb5 Bxb5 25. Nxb5 axb5 26. Nd2 Qd7 27. Rxc8+ Qxc8
28. Qf3 Qc2 29. Be3 Qb2 30. Bxb5 Qxb4 31. Bxf4 gxf4 32. Qd3 Qc5+ 33. Kg2 Kh7
34. Bc6 Qc1 35. Nc4 Bf8 36. Bb7 Qe1 37. Bc8 Kg6 38. Bf5+ Kg5 39. Nd2 Qg3+ 40.
Qxg3 fxg3 41. Kxg3 Ng8 42. Bh7 1-0

[Event "34. Copenhagen Open (Politiken Cup)"]
[Site "Elsinore"]
[Date "2012.08.01"]
[Round "6"]
[White "Alfven, Jorgen"]
[Black "Gade, Jens"]
[Result "1-0"]
[WhiteElo "1848"]
[BlackElo "1578"]
[PlyCount "85"]
[EventDate "2012.07.28"]
[EventType "swiss"]
[EventRounds "10"]
[EventCountry "DEN"]
[Source "ChessBase"]
[SourceDate "2012.08.24"]

1. d4 d5 2. c4 dxc4 3. Nf3 Nf6 4. e3 Bg4 5. Bxc4 e6 6. Qb3 Bxf3 7. gxf3 Nc6 8.
Bd2 Rb8 9. Rg1 a6 10. a4 g6 11. Na3 Be7 12. Nc2 O-O 13. Rd1 b5 14. axb5 axb5
15. Bxe6 Qd6 16. Bg4 Qxh2 17. Ke2 Qd6 18. e4 Nxg4 19. Rxg4 Rfe8 20. Bf4 Qd7 21.
d5 Na5 22. Qe3 Nc4 23. Qc1 Bf6 24. b3 Nb2 25. Rd2 Rxe4+ 26. fxe4 Qxg4+ 27. Ke3
Bc3 28. Re2 Re8 29. f3 Qd7 30. Nd4 Qxd5 31. Qxc3 Nd1+ 32. Kd3 Nxc3 33. exd5
Rxe2 34. Kxc3 Re1 35. Nxb5 Re7 36. Nxc7 g5 37. d6 Rd7 38. Nd5 Kg7 39. Be5+ Kg6
40. Ne7+ Kh5 41. Bg3 g4 42. Nd5 gxf3 43. Nf6+ 1-0

[Event "34. Copenhagen Open (Politiken Cup)"]
[Site "Elsinore"]
[Date "2012.08.01"]
[Round "6"]
[White "Andersen, Daniel"]
[Black "Jacobsen, Per"]
[Result "0-1"]
[WhiteElo "1870"]
[BlackElo "1680"]
[PlyCount "70"]
[EventDate "2012.07.28"]
[EventType "swiss"]
[EventRounds "10"]
[EventCountry "DEN"]
[Source "ChessBase"]
[SourceDate "2012.08.24"]

1. c4 Nf6 2. Nc3 d5 3. cxd5 Nxd5 4. g3 Nxc3 5. bxc3 e6 6. Bg2 Be7 7. Rb1 c6 8.
d4 Nd7 9. e4 Nb6 10. Qb3 O-O 11. Ne2 Re8 12. c4 Bg5 13. f4 Be7 14. O-O Qc7 15.
c5 Nd7 16. Nc3 Nf6 17. Bf3 Qd8 18. Rd1 Qc7 19. g4 e5 20. g5 exf4 21. gxf6 Bxf6
22. e5 Bg5 23. Ne4 Qe7 24. Nd6 Rd8 25. Nxc8 Raxc8 26. Qxb7 Qf8 27. Bb2 f6 28.
e6 f5 29. Bxc6 Be7 30. Bd7 Rb8 31. Qc6 Qf6 32. d5 Rxb2 33. Rxb2 Qxb2 34. d6 Qe2
35. Qd5 f3 0-1

[Event "34. Copenhagen Open (Politiken Cup)"]
[Site "Elsinore"]
[Date "2012.08.01"]
[Round "6"]
[White "Andersen, Finn"]
[Black "Schou Moldt, Thomas"]
[Result "0-1"]
[WhiteElo "2036"]
[BlackElo "2222"]
[PlyCount "72"]
[EventDate "2012.07.28"]
[EventType "swiss"]
[EventRounds "10"]
[EventCountry "DEN"]
[Source "ChessBase"]
[SourceDate "2012.08.24"]

1. e4 d6 2. Nf3 g6 3. c3 Bg7 4. d3 c5 5. g3 Nc6 6. Bg2 e5 7. O-O h5 8. h3 Bf6
9. d4 Qe7 10. Be3 g5 11. dxc5 dxc5 12. Qd5 Be6 13. Qxc5 Qd8 14. Na3 g4 15. Rfd1
Qe7 16. hxg4 hxg4 17. Qxe7+ Bxe7 18. Ng5 Bxg5 19. Bxg5 a6 20. Rd6 Rh5 21. Be3
Nf6 22. b4 Rc8 23. b5 axb5 24. Nxb5 Kf8 25. Bc5 Kg7 26. Bb4 Bc4 27. a4 Be2 28.
Rd2 Bf3 29. Nd6 Nxe4 30. Nxc8 Nxd2 31. Ra2 Ne4 32. Nd6 Nxb4 33. Bxf3 gxf3 34.
Ne8+ Kf8 35. cxb4 Kxe8 36. a5 Nc3 0-1

[Event "34. Copenhagen Open (Politiken Cup)"]
[Site "Elsinore"]
[Date "2012.08.01"]
[Round "6"]
[White "Andersen, Morten"]
[Black "Jensen, Morten Frank"]
[Result "1-0"]
[WhiteElo "2181"]
[BlackElo "2037"]
[PlyCount "153"]
[EventDate "2012.07.28"]
[EventType "swiss"]
[EventRounds "10"]
[EventCountry "DEN"]
[Source "ChessBase"]
[SourceDate "2012.08.24"]

1. c4 g6 2. g3 Bg7 3. Bg2 c5 4. Nc3 Nc6 5. Nf3 b6 6. e3 Bb7 7. d4 d6 8. O-O Qd7
9. b3 Nh6 10. Bb2 e6 11. dxc5 bxc5 12. Qd2 O-O 13. Rfd1 Rfd8 14. Ne4 Qe7 15.
Bxg7 Kxg7 16. Qc3+ e5 17. Qb2 Kg8 18. Rd2 f6 19. Rad1 Nf7 20. Nc3 Kg7 21. Nh4
Rd7 22. Bh3 Rdd8 23. Nd5 Qf8 24. Nc7 Ng5 25. Bg2 Rac8 26. Nb5 Nf7 27. Nxa7 Rc7
28. Nb5 Rcd7 29. Bh3 f5 30. Bg2 Na5 31. Bd5 Bxd5 32. Rxd5 Nc6 33. f4 Kg8 34.
R5d2 Qg7 35. Nf3 e4 36. Qxg7+ Kxg7 37. Ne1 Kf6 38. Nc2 Ke6 39. Nc3 Rb7 40. Nd5
Ne7 41. Nxe7 Kxe7 42. Na3 Kd7 43. Nb5 Kc6 44. a4 Rb6 45. Rd5 Kb7 46. Kf2 Rc6
47. h3 Ka6 48. Ke2 Ka5 49. Kd2 Kb4 50. Kc2 Rd7 51. Kb2 Ra6 52. Nd4 Re7 53. Nc2+
Ka5 54. Kc3 Kb6 55. Na3 Kc6 56. Nb5 Re6 57. g4 fxg4 58. hxg4 h6 59. Rh1 Ra8 60.
Kc2 Rh8 61. a5 Ra8 62. g5 hxg5 63. Rh7 Rf6 64. Rxf7 Rxf7 65. Rxd6+ Kb7 66. Rb6+
Kc8 67. Nd6+ Kc7 68. Nxf7 Rxa5 69. Rxg6 gxf4 70. exf4 Ra2+ 71. Kc3 Rf2 72. Ng5
e3 73. Re6 e2 74. Re3 Kd7 75. Ne4 Rxf4 76. Nxc5+ Kc6 77. Nd3 1-0

[Event "34. Copenhagen Open (Politiken Cup)"]
[Site "Elsinore"]
[Date "2012.08.01"]
[Round "6"]
[White "Barane, Simon"]
[Black "Jacobsen, Caroline Beer"]
[Result "1-0"]
[WhiteElo "1835"]
[BlackElo "1587"]
[PlyCount "79"]
[EventDate "2012.07.28"]
[EventType "swiss"]
[EventRounds "10"]
[EventCountry "DEN"]
[Source "ChessBase"]
[SourceDate "2012.08.24"]

1. d4 Nf6 2. f3 e6 3. e4 c5 4. Bg5 Be7 5. c4 d5 6. cxd5 exd5 7. Nc3 dxe4 8.
Bb5+ Bd7 9. dxc5 exf3 10. Nxf3 Bxb5 11. Qxd8+ Bxd8 12. Nxb5 O-O 13. Bxf6 Ba5+
14. Bc3 Re8+ 15. Kf2 Bxc3 16. Nxc3 Nc6 17. Rhe1 Red8 18. Rad1 Kf8 19. a3 a5 20.
Rxd8+ Rxd8 21. Rd1 Rxd1 22. Nxd1 Ke7 23. Ke3 f6 24. Nc3 Ke6 25. Nd4+ Kd7 26.
Nxc6 Kxc6 27. Kd4 h6 28. Nd5 Kb5 29. b3 Kc6 30. b4 axb4 31. axb4 Kb5 32. g4 Kc6
33. Kc4 Kd7 34. b5 Kc8 35. c6 bxc6 36. bxc6 Kb8 37. c7+ Kc8 38. Kc5 Kb7 39. Kd4
Kc8 40. Ke4 1-0

[Event "34. Copenhagen Open (Politiken Cup)"]
[Site "Elsinore"]
[Date "2012.08.01"]
[Round "6"]
[White "Bjerke, Richard"]
[Black "Rosell, Sven"]
[Result "1-0"]
[WhiteElo "2162"]
[BlackElo "1937"]
[PlyCount "105"]
[EventDate "2012.07.28"]
[EventType "swiss"]
[EventRounds "10"]
[EventCountry "DEN"]
[Source "ChessBase"]
[SourceDate "2012.08.24"]

1. e4 c6 2. d4 d5 3. exd5 cxd5 4. c4 Nf6 5. Nc3 e6 6. Nf3 Be7 7. cxd5 exd5 8.
Bb5+ Bd7 9. Qb3 Bxb5 10. Qxb5+ Qd7 11. Qb3 Nc6 12. O-O O-O 13. Re1 Na5 14. Qd1
a6 15. Ne5 Qc7 16. Bg5 Rad8 17. Rc1 Qd6 18. Bf4 Rfe8 19. Na4 Bf8 20. Nc5 Qb6
21. b3 h6 22. Qd3 Rc8 23. Bd2 Nc6 24. Nxc6 Rxe1+ 25. Rxe1 Qxc6 26. b4 Bd6 27.
h3 Qc7 28. Qf5 b6 29. Nd3 Ne4 30. Rc1 Nxd2 31. Qxc8+ Qxc8 32. Rxc8+ Kh7 33. Ra8
Nc4 34. Rxa6 Kg6 35. a4 Kf5 36. f3 Be7 37. Ra7 Bf6 38. Rxf7 Ke6 39. Rxf6+ gxf6
40. Kf2 Na3 41. a5 bxa5 42. bxa5 Kd6 43. Nb4 Nb5 44. a6 Na7 45. g4 Ke6 46. f4
Kd6 47. h4 Ke6 48. Ke3 Kd6 49. f5 Nb5 50. Kf4 Nc7 51. a7 Ke7 52. g5 fxg5+ 53.
hxg5 1-0

[Event "34. Copenhagen Open (Politiken Cup)"]
[Site "Elsinore"]
[Date "2012.08.01"]
[Round "6"]
[White "Borg, Flemming"]
[Black "Solli, Oddvar"]
[Result "1-0"]
[WhiteElo "1750"]
[BlackElo "1894"]
[PlyCount "121"]
[EventDate "2012.07.28"]
[EventType "swiss"]
[EventRounds "10"]
[EventCountry "DEN"]
[Source "ChessBase"]
[SourceDate "2012.08.24"]

1. e4 e6 2. e5 d5 3. exd6 Bxd6 4. d4 Nf6 5. Nf3 O-O 6. Bd3 Nbd7 7. Bg5 c5 8. c3
b6 9. Nbd2 Bb7 10. Be4 Qc7 11. Bxb7 Qxb7 12. O-O Rac8 13. Qe2 Rfe8 14. Nc4 Bb8
15. dxc5 Rxc5 16. Ne3 Qe4 17. Qc2 Qxc2 18. Nxc2 Nd5 19. Ne3 Nf4 20. Rfd1 Nf6
21. Bxf6 gxf6 22. g3 Nh3+ 23. Kf1 Ng5 24. Ke2 Ne4 25. Rd7 Rb5 26. Nd1 f5 27. b4
Nf6 28. Rb7 Ne4 29. Nd4 Rd5 30. Nc6 Bd6 31. f3 Rxd1 32. Kxd1 Nxc3+ 33. Kc2 Nd5
34. b5 Rc8 35. Kd2 a5 36. Rd7 Bc5 37. Rd8+ Rxd8 38. Nxd8 Kg7 39. Nb7 Be7 40.
Rc1 h5 41. Rc6 h4 42. gxh4 Bxh4 43. Nd6 Bf2 44. Nc4 Kf6 45. a4 Kg5 46. Ne5 Kf6
47. Nd3 Bd4 48. Rc4 Be3+ 49. Ke2 Bh6 50. f4 Ke7 51. Kf3 Bg7 52. h4 Bf6 53. h5
Bg7 54. Ne5 Bh6 55. Rd4 Bg7 56. Rd3 Bh6 57. Rd4 Bg7 58. Rc4 Bh6 59. Rc6 Bxf4
60. Nc4 Bc7 61. Ne3 1-0

[Event "34. Copenhagen Open (Politiken Cup)"]
[Site "Elsinore"]
[Date "2012.08.01"]
[Round "6"]
[White "Caceres, Cipriano Sande"]
[Black "Henningsen, Lasse"]
[Result "0-1"]
[WhiteElo "1709"]
[BlackElo "1756"]
[PlyCount "90"]
[EventDate "2012.07.28"]
[EventType "swiss"]
[EventRounds "10"]
[EventCountry "DEN"]
[Source "ChessBase"]
[SourceDate "2012.08.24"]

1. c4 e6 2. Nc3 d5 3. d4 Nf6 4. Nf3 c6 5. cxd5 exd5 6. Bg5 Nbd7 7. e3 Be7 8.
Bd3 O-O 9. O-O a5 10. Rc1 Re8 11. Qc2 Ne4 12. Bxe7 Qxe7 13. Ne2 f5 14. Ne5 Nxe5
15. dxe5 Qxe5 16. f4 Qf6 17. Rf3 Bd7 18. Rcf1 c5 19. Bxe4 dxe4 20. Rg3 b6 21.
Kf2 Be6 22. a4 Red8 23. Nc3 Rd3 24. Re1 Rad8 25. Re2 Bc4 26. Nxe4 Qe6 27. Nc3
R3d7 28. e4 Bxe2 29. exf5 Qc4 30. Qe4 Bd3 31. Qe6+ Qxe6 32. fxe6 Re7 33. Re3
Rd6 34. g4 Rexe6 35. Rg3 Bc4 36. Re3 Rd2+ 37. Ke1 Rxb2 38. Rxe6 Bxe6 39. f5 Bb3
40. h4 Rc2 41. Ne4 Bxa4 42. h5 Bb3 43. g5 a4 44. h6 gxh6 45. Nf6+ Kh8 0-1

[Event "34. Copenhagen Open (Politiken Cup)"]
[Site "Elsinore"]
[Date "2012.08.01"]
[Round "6"]
[White "Christensen, Casper"]
[Black "Haugli, Petter"]
[Result "0-1"]
[WhiteElo "1985"]
[BlackElo "2318"]
[PlyCount "140"]
[EventDate "2012.07.28"]
[EventType "swiss"]
[EventRounds "10"]
[EventCountry "DEN"]
[Source "ChessBase"]
[SourceDate "2012.08.24"]

1. d4 Nf6 2. c4 g6 3. Nc3 Bg7 4. e4 d6 5. f3 O-O 6. Be3 Nc6 7. Bd3 e5 8. d5 Nd4
9. Nge2 Nd7 10. Nb5 Nxe2 11. Qxe2 a6 12. Nc3 Bh6 13. O-O Bxe3+ 14. Qxe3 a5 15.
Na4 b6 16. Nc3 Nc5 17. Bc2 Bd7 18. Nb5 Bxb5 19. cxb5 Qd7 20. a4 Kg7 21. f4 exf4
22. Qd4+ f6 23. Rxf4 Qe7 24. Kf2 Rae8 25. Ke3 Qd7 26. Raf1 Re5 27. g4 Qe7 28.
Kf3 g5 29. Rf5 Rxf5+ 30. gxf5 Qf7 31. Kg2 Qh5 32. h3 Re8 33. Re1 Re5 34. Qc3
Qe8 35. Qe3 Qh5 36. Qc3 Kf8 37. Qg3 Ke7 38. Qg4 Qf7 39. Qf3 Kd8 40. Kf2 Re8 41.
Qd1 h5 42. b3 Kc8 43. Re3 Kb7 44. Re1 Rg8 45. Rg1 Qe8 46. Qd4 Nd7 47. Bd1 Kb8
48. Rg3 Ne5 49. Be2 Qf7 50. Qd1 Rh8 51. Rg2 Qe8 52. Ke3 Nd7 53. Qd4 Qf8 54. Qd1
Qh6 55. Kd4 Nc5 56. Bf3 Re8 57. Re2 g4 58. hxg4 Qf4 59. Re3 hxg4 60. Bg2 Qf2
61. Qe2 Nxb3+ 62. Kc4 Qxe2+ 63. Rxe2 Nc5 64. Re3 Nxa4 65. Rg3 Rg8 66. Kd4 Nc5
67. Ke3 Nd7 68. Bf1 Ne5 69. Be2 Rh8 70. Bxg4 Rg8 0-1

[Event "34. Copenhagen Open (Politiken Cup)"]
[Site "Elsinore"]
[Date "2012.08.01"]
[Round "6"]
[White "Christenson, Bjorn Aa"]
[Black "Bennion, David"]
[Result "1-0"]
[WhiteElo "1888"]
[BlackElo "2007"]
[PlyCount "69"]
[EventDate "2012.07.28"]
[EventType "swiss"]
[EventRounds "10"]
[EventCountry "DEN"]
[Source "ChessBase"]
[SourceDate "2012.08.24"]

1. e4 e5 2. Nf3 Nc6 3. Bb5 a6 4. Ba4 Nf6 5. O-O b5 6. Bb3 Nxe4 7. d4 d5 8. dxe5
Be6 9. c3 Be7 10. Nbd2 Nc5 11. Bc2 O-O 12. Nb3 Bg4 13. Nxc5 Bxc5 14. Qd3 g6 15.
Bf4 Bxf3 16. Qxf3 f6 17. Bb3 Ne7 18. Bh6 c6 19. Bxf8 Qxf8 20. exf6 Nf5 21. Rfe1
Nd6 22. Re6 Kh8 23. Bc2 Nf7 24. h4 Qh6 25. Rae1 Rf8 26. g3 g5 27. Qh1 g4 28.
Kg2 Nd6 29. Qf1 Rxf6 30. Rxf6 Qxf6 31. Qe2 Nf7 32. Qe8+ Kg7 33. Qe2 Kg8 34.
Qxg4+ Kf8 35. Qf3 1-0

[Event "34. Copenhagen Open (Politiken Cup)"]
[Site "Elsinore"]
[Date "2012.08.01"]
[Round "6"]
[White "Christiansen, Niels Jorgen"]
[Black "Bremer, Erik"]
[Result "1-0"]
[WhiteElo "1775"]
[BlackElo "1547"]
[PlyCount "57"]
[EventDate "2012.07.28"]
[EventType "swiss"]
[EventRounds "10"]
[EventCountry "DEN"]
[Source "ChessBase"]
[SourceDate "2012.08.24"]

1. e4 c5 2. Nf3 d6 3. d4 cxd4 4. Nxd4 Nf6 5. Nc3 g6 6. Be3 Bg7 7. Qd2 Nc6 8.
Be2 O-O 9. O-O a6 10. Rad1 Qc7 11. Kh1 Nxd4 12. Bxd4 e5 13. Be3 Rd8 14. f3 Be6
15. Na4 Qe7 16. Nb6 Rab8 17. c4 Bf8 18. Bg5 Bg7 19. b3 Qc7 20. Be3 Nh5 21. Rc1
Nf4 22. Nd5 Qc6 23. Ne7+ Kf8 24. Nxc6 bxc6 25. Bxf4 d5 26. Bg5 f6 27. Bh6 dxe4
28. Bxg7+ Kxg7 29. Qc3 1-0

[Event "34. Copenhagen Open (Politiken Cup)"]
[Site "Elsinore"]
[Date "2012.08.01"]
[Round "6"]
[White "Christophersen, David"]
[Black "Bratholm, Palle"]
[Result "0-1"]
[WhiteElo "1832"]
[BlackElo "2088"]
[PlyCount "60"]
[EventDate "2012.07.28"]
[EventType "swiss"]
[EventRounds "10"]
[EventCountry "DEN"]
[Source "ChessBase"]
[SourceDate "2012.08.24"]

1. d4 Nf6 2. Nf3 e6 3. Bf4 c5 4. c3 Nc6 5. e3 b6 6. Be2 a5 7. Ne5 Bb7 8. Bf3 d5
9. O-O Be7 10. Nd2 O-O 11. c4 cxd4 12. Nxc6 Bxc6 13. exd4 Rc8 14. Rc1 dxc4 15.
Bxc6 Rxc6 16. Rxc4 Qd5 17. Rxc6 Qxc6 18. Qc1 Rc8 19. Nf3 Nd5 20. Qxc6 Rxc6 21.
Rc1 Rxc1+ 22. Bxc1 Nb4 23. a3 Nd3 24. Be3 Nxb2 25. d5 exd5 26. Bxb6 Nc4 27. Bc7
Bxa3 28. Kf1 a4 29. Ke2 Bb2 30. Nd2 a3 0-1

[Event "34. Copenhagen Open (Politiken Cup)"]
[Site "Elsinore"]
[Date "2012.08.01"]
[Round "6"]
[White "Clementsson, Jan"]
[Black "Karlsson, Robin"]
[Result "0-1"]
[WhiteElo "2115"]
[BlackElo "1978"]
[PlyCount "88"]
[EventDate "2012.07.28"]
[EventType "swiss"]
[EventRounds "10"]
[EventCountry "DEN"]
[Source "ChessBase"]
[SourceDate "2012.08.24"]

1. e4 c5 2. b3 Nc6 3. Bb2 e6 4. Bb5 Nd4 5. Bxd4 cxd4 6. Nf3 Bc5 7. O-O Nf6 8.
Bd3 d6 9. c3 dxc3 10. dxc3 a6 11. Nbd2 O-O 12. Qc2 e5 13. b4 Ba7 14. Nc4 Qc7
15. Ne3 Bxe3 16. fxe3 Be6 17. h3 Rac8 18. Rfc1 h6 19. c4 Nd7 20. Qd2 Nb6 21. c5
dxc5 22. bxc5 Nd7 23. c6 bxc6 24. Bxa6 Rcd8 25. Qc3 Qa7 26. Bf1 Nf6 27. Nxe5
Nxe4 28. Qe1 Rd2 29. Bd3 Rxd3 30. Nxd3 f5 31. Nf2 Ng3 32. Nd3 Nh5 33. Qf2 f4
34. exf4 Qa3 35. Rd1 Bd5 36. Rac1 Be4 37. Qe2 Ng3 38. Qe3 Rd8 39. Qxg3 Rxd3 40.
Qe1 Re3 41. Qf1 Rxh3 42. Qc4+ Bd5 43. Qc5 Rh1+ 44. Kf2 Qxc5+ 0-1

[Event "34. Copenhagen Open (Politiken Cup)"]
[Site "Elsinore"]
[Date "2012.08.01"]
[Round "6"]
[White "Edwardsson, Hannu Kalervo"]
[Black "Brondum, Jan Kraul"]
[Result "1/2-1/2"]
[WhiteElo "1464"]
[BlackElo "1647"]
[PlyCount "117"]
[EventDate "2012.07.28"]
[EventType "swiss"]
[EventRounds "10"]
[EventCountry "DEN"]
[Source "ChessBase"]
[SourceDate "2012.08.24"]

1. e4 e5 2. Nf3 Nc6 3. Be2 Nf6 4. d3 Bb4+ 5. Bd2 Bxd2+ 6. Nbxd2 O-O 7. O-O b6
8. c4 Bb7 9. a3 a5 10. h3 d6 11. Nh2 Ne7 12. Ng4 Ng6 13. Nxf6+ Qxf6 14. Bg4 Nf4
15. Bf3 Nxd3 16. b3 Rfd8 17. g3 Nc5 18. Rb1 Qg6 19. Kh2 Nxe4 20. Bxe4 Bxe4 21.
Nxe4 Qxe4 22. Re1 Qc6 23. Qg4 Qd7 24. Qe4 f5 25. Qd5+ Qf7 26. Qc6 Qd7 27. Qf3
Rf8 28. Qd5+ Qf7 29. Qc6 Rae8 30. f3 Re7 31. a4 Qf6 32. b4 f4 33. g4 Qh4 34.
Rg1 Rf6 35. Qd5+ Ref7 36. Qa8+ Rf8 37. Qd5+ Kh8 38. g5 Rg6 39. Rg4 Qf2+ 40. Rg2
Qd4 41. Qc6 axb4 42. Rxb4 Qc5 43. Qxc5 dxc5 44. Rbb2 Rd8 45. h4 Rd4 46. Rbc2
Rgd6 47. Rge2 Re6 48. Kg2 Kg8 49. Rc3 Kf7 50. Ra2 Rd1 51. a5 Red6 52. Rcc2 bxa5
53. Rxa5 R6d2+ 54. Rxd2 Rxd2+ 55. Kg1 Ke6 56. Rxc5 Kd6 57. Ra5 Rd1+ 58. Kg2
Rd2+ 59. Kg1 1/2-1/2

[Event "34. Copenhagen Open (Politiken Cup)"]
[Site "Elsinore"]
[Date "2012.08.01"]
[Round "6"]
[White "Fjellengen, Baard"]
[Black "Haagen Larsen, Hans"]
[Result "1/2-1/2"]
[WhiteElo "1928"]
[BlackElo "1775"]
[PlyCount "132"]
[EventDate "2012.07.28"]
[EventType "swiss"]
[EventRounds "10"]
[EventCountry "DEN"]
[Source "ChessBase"]
[SourceDate "2012.08.24"]

1. c4 Nf6 2. g3 g6 3. Bg2 Bg7 4. Nc3 O-O 5. d4 Nc6 6. e4 d6 7. Nf3 Bd7 8. O-O
a6 9. a3 Na5 10. b3 c5 11. Bb2 cxd4 12. Nxd4 Nc6 13. Nxc6 bxc6 14. c5 Be6 15.
cxd6 exd6 16. e5 Nd5 17. Nxd5 cxd5 18. Re1 dxe5 19. Bxe5 Bxe5 20. Rxe5 Qc7 21.
Qd4 Rab8 22. b4 Qc4 23. Rd1 Qb3 24. Re3 Qa4 25. Bf1 Rbc8 26. Qd3 Rc4 27. Qb3
Qxb3 28. Rxb3 Rc6 29. Bg2 Rd6 30. Rbd3 Rfd8 31. Rd4 Kg7 32. Rc1 g5 33. Rc5 h6
34. a4 Kf6 35. f4 R8d7 36. h3 gxf4 37. gxf4 Kf5 38. Bf3 Kf6 39. Kh2 Rd8 40. b5
axb5 41. axb5 R8d7 42. Kg3 Rd8 43. Kh4 R6d7 44. b6 Rb7 45. Rc6 Kg7 46. f5 Bxf5
47. Rxd5 Rxd5 48. Bxd5 Rb8 49. Rd6 Kf8 50. b7 Be6 51. Bf3 Ke7 52. Rd4 Kf6 53.
Ra4 Bc8 54. bxc8=Q Rxc8 55. Rf4+ Kg7 56. Bd5 f6 57. Kg4 Re8 58. h4 Re5 59. Rf5
Rxf5 60. Kxf5 Kh8 61. Kxf6 Kh7 62. Bc6 h5 63. Bf3 Kh8 64. Kf7 Kh7 65. Bxh5 Kh8
66. Kf6 Kh7 1/2-1/2

[Event "34. Copenhagen Open (Politiken Cup)"]
[Site "Elsinore"]
[Date "2012.08.01"]
[Round "6"]
[White "Frisvold, Ole Emil"]
[Black "Eriksson, Christian Altenburg"]
[Result "1/2-1/2"]
[WhiteElo "1960"]
[BlackElo "2106"]
[PlyCount "63"]
[EventDate "2012.07.28"]
[EventType "swiss"]
[EventRounds "10"]
[EventCountry "DEN"]
[Source "ChessBase"]
[SourceDate "2012.08.24"]

1. d4 d5 2. c4 dxc4 3. e3 e5 4. Bxc4 exd4 5. exd4 Bd6 6. Ne2 Nf6 7. O-O O-O 8.
Bf4 Nc6 9. Qd2 Bf5 10. Nbc3 Na5 11. Bb5 a6 12. Bxd6 Qxd6 13. Bd3 Bxd3 14. Qxd3
Rad8 15. Rfd1 Qb4 16. a3 Qc4 17. Rac1 Qxd3 18. Rxd3 Nc4 19. Nd1 b5 20. b3 Nxa3
21. Rxc7 Nd5 22. Rc5 g6 23. Ne3 Nxe3 24. fxe3 Rc8 25. Rdc3 Rxc5 26. dxc5 b4 27.
Rc1 Nb5 28. Nd4 Nc3 29. Kf2 Re8 30. c6 Re5 31. Ne2 Rc5 32. Nxc3 1/2-1/2

[Event "34. Copenhagen Open (Politiken Cup)"]
[Site "Elsinore"]
[Date "2012.08.01"]
[Round "6"]
[White "Gandrud, Vegar Koi"]
[Black "Rasmussen, Allan Stig"]
[Result "0-1"]
[WhiteElo "2259"]
[BlackElo "2496"]
[PlyCount "70"]
[EventDate "2012.07.28"]
[EventType "swiss"]
[EventRounds "10"]
[EventCountry "DEN"]
[Source "ChessBase"]
[SourceDate "2012.08.24"]

1. d4 d5 2. c4 dxc4 3. e3 e6 4. Bxc4 c5 5. Nf3 a6 6. O-O Nf6 7. Nc3 b5 8. Bd3
Bb7 9. Qe2 Nbd7 10. a4 c4 11. Bb1 b4 12. Nd1 Rc8 13. e4 Be7 14. Bg5 h6 15. Bh4
g5 16. Bg3 Qb6 17. a5 Qa7 18. h3 Rg8 19. Re1 h5 20. d5 h4 21. dxe6 fxe6 22. Bd6
Bxd6 23. e5 Bxf3 24. Qxf3 Nxe5 25. Qxf6 Qf7 26. Qxf7+ Kxf7 27. Be4 Rc5 28. Ne3
Rb8 29. Red1 Ke7 30. Rd4 Bc7 31. Nxc4 Rxc4 32. Rxc4 Nxc4 33. Rc1 Rc8 34. Bd3
Nxb2 35. Bxa6 Bh2+ 0-1

[Event "34. Copenhagen Open (Politiken Cup)"]
[Site "Elsinore"]
[Date "2012.08.01"]
[Round "6"]
[White "Gebhardt, Ulrich"]
[Black "Garberg, Tore"]
[Result "1-0"]
[WhiteElo "2222"]
[BlackElo "1956"]
[PlyCount "75"]
[EventDate "2012.07.28"]
[EventType "swiss"]
[EventRounds "10"]
[EventCountry "DEN"]
[Source "ChessBase"]
[SourceDate "2012.08.24"]

1. d4 Nf6 2. c4 g6 3. g3 d5 4. cxd5 Nxd5 5. Bg2 Bg7 6. Nf3 O-O 7. O-O Nb6 8.
Nc3 Nc6 9. e3 e5 10. d5 Ne7 11. e4 Bg4 12. h3 Bd7 13. b3 f5 14. Bb2 Nec8 15.
Re1 f4 16. Kh2 Nd6 17. Rc1 g5 18. Ng1 Nbc8 19. Bf3 Ne7 20. Rc2 Ng6 21. Bg4 Be8
22. Be6+ Kh8 23. g4 f3 24. Nxf3 Qf6 25. Bf5 Nf4 26. Ne2 Qe7 27. Nxf4 gxf4 28.
Be6 Bg6 29. Bxe5 Bxe5 30. Nxe5 Bxe4 31. Qd4 Kg7 32. Rxe4 Nxe4 33. Qxe4 c6 34.
Nd7 Rfe8 35. dxc6 bxc6 36. Rxc6 Rad8 37. Qe5+ Kh6 38. Bf7+ 1-0

[Event "34. Copenhagen Open (Politiken Cup)"]
[Site "Elsinore"]
[Date "2012.08.01"]
[Round "6"]
[White "Grand, Hans Henrik"]
[Black "Marder, Simon"]
[Result "1/2-1/2"]
[WhiteElo "2144"]
[BlackElo "2013"]
[PlyCount "42"]
[EventDate "2012.07.28"]
[EventType "swiss"]
[EventRounds "10"]
[EventCountry "DEN"]
[Source "ChessBase"]
[SourceDate "2012.08.24"]

1. c4 e5 2. g3 Nc6 3. Bg2 f5 4. Nc3 Nf6 5. d3 Be7 6. e3 d6 7. Nge2 O-O 8. O-O
Qe8 9. Nd5 Bd8 10. Nec3 Kh8 11. b4 Ne7 12. Nxf6 Rxf6 13. d4 c6 14. Bb2 Be6 15.
d5 Bf7 16. c5 Bc7 17. f4 dxc5 18. dxc6 Rd8 19. Qe2 Nxc6 20. Nb5 Bb8 21. bxc5
Nb4 1/2-1/2